Cornerback prospects of the 2024 NFL Draft - Statistics

General Stats
  • This quiz has been taken 64 times
    33 since last reset
  • The average score is 24 of 63
Answer Stats
Position College Name Draft position Team (current team) % Correct
CB Iowa Cooper DeJean 40. (R2) Philadelphia Eagles
95%
CB Alabama Kool-Aid McKinstry 41. (R2) New Orleans Saints
95%
CB Clemson Nate Wiggins 30. (R1) Baltimore Ravens
95%
CB Toledo Quinyon Mitchell 22. (R1) Philadelphia Eagles
95%
CB Alabama Terrion Arnold 24. (R1) Detroit Lions
95%
CB Georgia Kamari Lassiter 42. (R2) Houston Texans
68%
CB Missouri Ennis Rakestraw Jr. 61. (R2) Detroit Lions
63%
CB Rutgers Max Melton 43. (R2) Arizona Cardinals
63%
CB Boston College Elijah Jones 90. (R3) Arizona Cardinals
53%
CB Florida St. Jarrian Jones 96. (R3) Jacksonville Jaguars
53%
CB Oregon Khyree Jackson 108. (R4) Minnesota Vikings
53%
CB Clemson Sheridan Jones UDFA -
53%
CB Michigan Mike Sainristil 50. (R2) Washington Commanders
47%
CB Iowa St. TJ Tampa 130. (R4) Baltimore Ravens
47%
CB UCLA Alex Johnson UDFA New York Giants
42%
CB Wake Forest Caelen Carson 174. (R5) Dallas Cowboys
42%
CB Fresno St. Carlton Johnson UDFA Seattle Seahawks
42%
CB Syracuse Isaiah Johnson UDFA Miami Dolphins
42%
CB Penn St. Kalen King 255. (R7) Green Bay Packers
42%
CB Missouri Kris Abrams-Draine 145. (R5) Denver Broncos
42%
CB Auburn Nehemiah Pritchett 136. (R5) Seattle Seahawks
42%
CB Kentucky Andru Phillips 70. (R3) New York Giants
32%
CB Notre Dame Cam Hart 140. (R5) Los Angeles Chargers
32%
CB Ole Miss Deantre Prince 153. (R5) Jacksonville Jaguars
32%
CB Auburn DJ James 192, (R6) Seattle Seahawks
32%
CB TCU Josh Newton 149. (R5) Cincinnati Bengals
32%
CB Tennessee Kamal Hadden 211. (R6) Kansas City Chiefs
32%
CB Florida St. Renardo Green 64. (R2) San Francisco 49ers
32%
CB Texas Ryan Watts 195. (R6) Pittsburgh Steelers
32%
CB Pittsburgh AJ Woods UDFA Washington Commanders
26%
CB West Virginia Beanie Bishop Jr. UDFA Pittsburgh Steelers
26%
CB Washington St. Chau Smith-Wade 157. (R5) Carolina Panthers
26%
CB Colorado St. Chigozie Anusiem UDFA Washington Commanders
26%
CB USC Christian Roland-Wallace UDFA Kansas City Chiefs
26%
CB Penn St. Daquan Hardy 219. (R6) Buffalo Bills
26%
CB Mississippi St. Decameron Richardson 112. (R4) Las Vegas Raiders
26%
CB Arkansas Dwight McGlothern UDFA Minnesota Vikings
26%
CB Tulane Jarius Monroe UDFA New York Jets
26%
CB Louisville Jarvis Brownlee Jr. 146. (R5) Tennessee Titans
26%
CB Penn St. Johnny Dixon UDFA -
26%
CB Michigan Josh Wallace UDFA Los Angeles Rams
26%
CB Western Michigan Keni-H Lovely UDFA Buffalo Bills
26%
CB South Carolina Marcellas Dial 180. (R6) New England Patriots
26%
CB Marshall Micah Abraham 201. (R6) Indianapolis Colts
26%
CB Utah Miles Battle UDFA Kansas City Chiefs
26%
CB Pittsburgh M.J. Devonshire 229. (R7) Las Vegas Raiders
26%
CB South Dakota Myles Harden 227. (R7) Cleveland Browns
26%
CB Georgia Tech Myles Sims UDFA Kansas City Chiefs (-)
26%
CB Nebraska Quinton Newsome UDFA Denver Broncos
26%
CB Toronto Qwan'tez Stiggers 176. (R5) New York Jets
26%
CB Arizona St. Ro Torrence UDFA Chicago Bears
26%
CB Oregon St. Ryan Cooper Jr. UDFA Baltimore Ravens
26%
CB Ferris St. Shon Stephens UDFA Philadelphia Eagles
26%
CB Maryland Tarheeb Still 137. (R5) Los Angeles Chargers
26%
CB Notre Dame Thomas Harper UDFA Los Angeles Chargers
26%
CB Maryland Ja'Quan Sheppard UDFA Las Vegas Raiders
21%
CB Eastern Illinois Russell Dandy UDFA Chicago Bears (-)
21%
CB Louisville Storm Duck UDFA Miami Dolphins
21%
CB Central Connecticut Tyler Boatwright UDFA New York Jets (-)
21%
CB Appalachian St. Tyrek Funderburk UDFA Tampa Bay Buccaneers
21%
CB Virginia St. Willie Drew UDFA Carolina Panthers (-)
21%
CB Western Carolina Rod Gattison UDFA Tennessee Titans (-)
16%
CB Fresno St. Morice Norris Jr. UDFA Detroit Lions (-)
11%
No matching quizzes found
Score Distribution
Percent of People with Each Score
Percentile by Number Answered
Your Score History
You have not taken this quiz since the last reset